Birds of Northern South America : (Record no. 182384)

MARC details
000 -LEADER
fixed length control field 01060nam a22003131i 4500
003 - CONTROL NUMBER IDENTIFIER
control field OSt
005 - DATE AND TIME OF LATEST TRANSACTION
control field 20210302121946.0
008 - FIXED-LENGTH DATA ELEMENTS--GENERAL INFORMATION
fixed length control field 210302t20062006enkfb||gr|||| 001 0 eng d
020 ## - INTERNATIONAL STANDARD BOOK NUMBER
International Standard Book Number 9780300124156
Terms of availability RM 49.88
Qualifying information paperback
040 ## - CATALOGING SOURCE
Original cataloging agency PPAK
Language of cataloging eng
Transcribing agency PPAK
Description conventions rda
082 04 - DEWEY DECIMAL CLASSIFICATION NUMBER
Classification number 598.098
Edition number 23
090 ## - LOCALLY ASSIGNED LC-TYPE CALL NUMBER (OCLC); LOCAL CALL NUMBER (RLIN)
Classification number (OCLC) (R) ; Classification number, CALL (RLIN) (NR) 598.098
Feature heading RES
Feature heading R
100 1# - MAIN ENTRY--PERSONAL NAME
Personal name Restall, Robin L.
Relator term author.
245 10 - TITLE STATEMENT
Title Birds of Northern South America :
Remainder of title An Identification Guide.
Name of part/section of a work Volume 2 : Plates and Maps /
Statement of responsibility, etc. Robin Restall, Clemencia Rodner, Miguel Lentino.
264 #1 - PRODUCTION, PUBLICATION, DISTRIBUTION, MANUFACTURE, AND COPYRIGHT NOTICE
Place of production, publication, distribution, manufacture London :
Name of producer, publisher, distributor, manufacturer Christopher Helm,
Date of production, publication, distribution, manufacture, or copyright notice 2006
Date of production, publication, distribution, manufacture, or copyright notice ©2006.
300 ## - PHYSICAL DESCRIPTION
Extent 656 pages :
Other physical details colour plates and maps ;
Dimensions 24 cm
336 ## - CONTENT TYPE
Content type term text
Source rdacontent
Content type term still image
Source rdacontent
337 ## - MEDIA TYPE
Media type term unmediated
Source rdamedia
338 ## - CARRIER TYPE
Carrier type term volume
Source rdacarrier
490 1# - SERIES STATEMENT
Series statement Helm field guides.
504 ## - BIBLIOGRAPHY, ETC. NOTE
Bibliography, etc. note Includes bibliographical references and index.
650 10 - SUBJECT ADDED ENTRY--TOPICAL TERM
Topical term or geographic name entry element Birds
Geographic subdivision South America.
Topical term or geographic name entry element Birds
Geographic subdivision South America
General subdivision Identification.
Topical term or geographic name entry element Birds.
830 #0 - SERIES ADDED ENTRY--UNIFORM TITLE
Uniform title Helm field guides.
942 ## - ADDED ENTRY ELEMENTS (KOHA)
Source of classification or shelving scheme Dewey Decimal Classification
Koha item type Book
Holdings
Withdrawn Not for loan Current library Shelving location Date acquired Full call number Barcode Date last seen Koha item type
  Not For Loan Perpustakaan Alor Setar Rujukan Dewasa 20/04/2021 R 598.098 RES A01685411 20/04/2021 Book
  Not For Loan Perpustakaan Awam Sungai Petani Rujukan Dewasa 20/04/2021 R 598.098 RES A01685412 20/04/2021 Book